000 00689nas a2200241 4500
001 BR8006468
003 BR-BrBNA
005 20231205084424.0
007 ta
008 230509b bl.|||p| |||| 00| 00por d
040 _aBR-BrBNA
_bpor
_cBiblioteca Nacional de Agricultura
041 _a(Pt)
072 _aF00
100 1 _aCastro, P.R.C.
245 1 _aEfeitos de fitoreguladores na abscisao de Coleus blumei Benth
650 _aCOLEUS DE JAVA
650 _aTUBERCULO
650 _aHORTALICA
650 _aDESFOLHANTE
773 0 _tSolo (Brazil)
_xISSN 0584-0821
_g(Jul-Dec 1980), v. 72(2) p. 45-48
_wBR8006468
909 _a202311
_bLúcia
_c55
_dLúcia Elande
942 _2AGRIS
_n0
_cANA
999 _c105124
_d105124